QS 100 Best Universities Ranking 2023 - Statistics

General Stats
  • This quiz has been taken 601 times
    531 since last reset
  • The average score is 59 of 100
Answer Stats
QS 2022 Rank University Country % Correct
4 University of Oxford United Kingdom
99%
5 Harvard University United States
98%
2 University of Cambridge United Kingdom
95%
1 Massachusetts Institute of Technology United States
94%
8 University College London United Kingdom
89%
23 University of Tokyo Japan
89%
18 Yale University United States
89%
11 National University of Singapore Singapore
88%
3 Stanford University United States
87%
17 Princeton University United States
86%
21 University of Hong Kong Hong Kong
86%
29 Seoul National University South Korea
83%
41 University of Sydney Australia
83%
22 Columbia University United States
80%
44 University of California Los Angeles United States
80%
33 University of Melbourne Australia
80%
6 California Institute of Technology United States
79%
10 University of Chicago United States
79%
35 University of Toronto Canada
79%
63 Brown University United States
77%
13 University of Pennsylvania United States
77%
27 University of California Berkeley United States
76%
15 University of Edinburgh United Kingdom
76%
28 University of Manchester United Kingdom
76%
20 Cornell University United States
75%
39 New York University United States
71%
50 Duke University United States
70%
7 Imperial College London United Kingdom
70%
84 University of Zurich Switzerland
70%
46 Shanghai Jiao Tong University China
69%
9 ETH Zurich - Swiss Federal Institute of Technology Switzerland
68%
36 Kyoto University Japan
68%
56 London School of Economics and Political Science United Kingdom
68%
68 Osaka University Japan
68%
58 University of Amsterdam the Netherlands
67%
31 McGill University Canada
64%
59 Ludwig-Maximilians University Munich Germany
63%
25 University of Michigan United States
63%
80 University of Washington United States
63%
16 Federal Polytechnic School of Lausanne Switzerland
62%
37 King's College London United Kingdom
62%
75 Lomonosov Moscow State University Russia
62%
81 University of Glasgow United Kingdom
62%
72 University of Texas at Austin United States
62%
12 Peking University China
61%
47 University of British Columbia Canada
61%
82 University of Copenhagen Denmark
61%
32 Northwestern University United States
59%
24 Johns Hopkins University United States
58%
87 University of Auckland New Zealand
58%
60 Sorbonne University France
57%
14 Tsinghua University China
57%
53 University of California San Diego United States
56%
86 University of Leeds United Kingdom
56%
62 University of Bristol United Kingdom
55%
91 University of Birmingham United Kingdom
54%
67 University of Buenos Aires Argentina
54%
77 National Taiwan University Taiwan
52%
100 Rice University United States
52%
45 University of New South Wales Australia
52%
19 Nanyang Technological University Singapore
51%
52 Carnegie Mellon University United States
49%
51 University of Queensland Australia
49%
92 Durham University United Kingdom
48%
98 Trinity College Dublin Ireland
48%
97 University of Saint Andrews United Kingdom
48%
64 University of Warwick United Kingdom
48%
30 Australian National University Australia
47%
38 Chinese University of Hong Kong Hong Kong
47%
88 Georgia Institute of Technology United States
46%
65 Ruprecht-Karls University Heidelberg Germany
46%
85 University of Illinois at Urbana - Champaign United States
46%
96 University of Sheffield United Kingdom
45%
34 Fudan University China
43%
57 Monash University Australia
42%
40 Hong Kong University of Science and Technology Hong Kong
41%
42 Korea Advanced Institute of Science and Technology South Korea
40%
83 University of Wisconsin - Madison United States
40%
61 Delft University of Technology the Netherlands
39%
74 Korea University South Korea
39%
26 University PSL France
39%
95 Lund University Sweden
38%
93 Pennsylvania State University United States
38%
49 Technical University of Munich Germany
38%
78 University of Southampton United Kingdom
38%
73 Yonsei University South Korea
38%
43 Zhejiang University China
38%
76 KU Leuven Belgium
37%
70 Malaya University Malaysia
37%
90 University of Western Australia Australia
37%
54 City University of Hong Kong Hong Kong
36%
69 University Paris-Saclay France
35%
66 Hong Kong Polytechnic University Hong Kong
33%
71 Pohang University of Science and Technology South Korea
33%
55 Tokyo Institute of Technology Japan
33%
89 KTH Royal Institute of Technology Sweden
32%
48 Polytechnic Institute of Paris France
32%
79 Tohoku University Japan
31%
99 Sungkyunkwan University South Korea
29%
94 University of Science and Technology of China China
29%
No matching quizzes found
Score Distribution
Percent of People with Each Score
Percentile by Number Answered
Your Score History
You have not taken this quiz since the last reset